[Event "GER CupT"]
[Site "Germany"]
[Date "2023.01.28"]
[Round "1.3"]
[White "Mertens, Fridolin"]
[Black "Schulte, Marius"]
[Result "0-1"]
[WhiteElo "2134"]
[BlackElo "2118"]
[PlyCount "62"]
[EventDate "2023.01.28"]
[EventType "team-k.o."]
[EventRounds "4"]
[EventCountry "GER"]
[SourceTitle "EXT 2024"]
[Source "ChessBase"]
[SourceDate "2023.10.10"]
[SourceVersion "1"]
[SourceVersionDate "2023.10.10"]
[SourceQuality "1"]
[WhiteTeam "Loeberitz"]
[BlackTeam "Grundau"]
[WhiteTeamCountry "GER"]
[BlackTeamCountry "GER"]

1. e4 c6 2. d4 d5 3. e5 Bf5 4. h4 h5 5. Bd3 Bxd3 6. Qxd3 e6 7. Bg5 Qb6 8. Nd2 c5 9. c4 Qxb2 10. Rb1 Qxd4 11. Qxd4 cxd4 12. cxd5 f6 13. Bf4 exd5 14. Rxb7 Nd7 15. exf6 Ngxf6 16. Ngf3 Bc5 17. 0-0 Bb6 18. Ng5 0-0 19. Nb3 Rfe8 20. a4 Nc5 21. Nxc5 Bxc5 22. Rc1 Bb6 23. Kf1 Ne4 24. Nxe4 Rxe4 25. g3 d3 26. Rd1 Rxa4 27. Be5 Ra2 28. Rxg7+ Kf8 29. f4 Rf2+ 30. Ke1 Re2+ 31. Kf1 Rxe5 0-1

[Event "Heusenstamm Schloss op 1st"]
[Site "Heusenstamm"]
[Date "2014.11.23"]
[Round "6"]
[White "Schulte, Marius"]
[Black "Alber, Horst"]
[Result "1/2-1/2"]
[WhiteElo "2081"]
[BlackElo "2305"]
[PlyCount "104"]
[EventDate "2014.11.20"]
[EventType "swiss"]
[EventRounds "7"]
[EventCountry "GER"]
[SourceTitle "CBM 163 Extra"]
[Source "ChessBase"]
[SourceDate "2014.12.23"]
[SourceVersion "1"]
[SourceVersionDate "2014.12.23"]
[SourceQuality "1"]

1. d4 Nf6 2. c4 g6 3. Nc3 Bg7 4. e4 d6 5. Nf3 0-0 6. Be2 e5 7. dxe5 dxe5 8. Qxd8 Rxd8 9. Bg5 Rf8 10. Nd5 Nxd5 11. cxd5 c6 12. Bc4 cxd5 13. Bxd5 Nd7 14. Nd2 Nc5 15. 0-0 Be6 16. Be3 Rac8 17. b4 Nd3 18. Bxe6 fxe6 19. a3 Rc2 20. Nf3 a6 21. Rfd1 Rc3 22. Ra2 h6 23. Nd2 Nc1 24. Ra1 Ne2+ 25. Kh1 Rfc8 26. Nf3 Nd4 27. Nxd4 exd4 28. Bxd4 Bxd4 29. Rxd4 Rxa3 30. Rad1 Ra2 31. Rd7 Rxf2 32. Rxb7 Rd2 33. Rf1 Rd4 34. h3 Rf8 35. Rxf8+ Kxf8 36. e5 g5 37. Kg1 Re4 38. Rb6 Kf7 39. Rxa6 Rxb4 40. Ra5 h5 41. Kf2 Kg6 42. Kf3 Kf5 43. g3 g4+ 44. hxg4+ hxg4+ 45. Kf2 Rb2+ 46. Kf1 Rb3 47. Kf2 Rf3+ 48. Kg2 Re3 49. Ra8 Re2+ 50. Kf1 Kxe5 51. Rf8 Ra2 52. Rf4 Ra1+ 1/2-1/2

[Event "Heusenstamm Schloss op 1st"]
[Site "Heusenstamm"]
[Date "2014.11.22"]
[Round "4"]
[White "Schulte, Marius"]
[Black "Klyszcz, Michael"]
[Result "1-0"]
[WhiteElo "2081"]
[BlackElo "1969"]
[PlyCount "99"]
[EventDate "2014.11.20"]
[EventType "swiss"]
[EventRounds "7"]
[EventCountry "GER"]
[SourceTitle "CBM 163 Extra"]
[Source "ChessBase"]
[SourceDate "2014.12.23"]
[SourceVersion "1"]
[SourceVersionDate "2014.12.23"]
[SourceQuality "1"]

1. d4 e6 2. Nf3 f5 3. c4 Nf6 4. g3 Be7 5. Bg2 0-0 6. 0-0 d6 7. b3 Ne4 8. Bb2 Nd7 9. Nbd2 Ndf6 10. Qc2 Qe8 11. Nxe4 Nxe4 12. Nd2 Nxd2 13. Qxd2 Qh5 14. f4 Rf6 15. e4 Rh6 16. Bf3 Qh3 17. exf5 Qxf5 18. Rae1 Rb8 19. Qe2 Bf8 20. Bg4 Qg6 21. Bc1 Qf6 22. f5 exf5 23. Bxh6 gxh6 24. Qe3 Bg7 25. Bxf5 Qxd4 26. Qxd4 Bxd4+ 27. Kg2 Be5 28. Re4 h5 29. Bxc8 Rxc8 30. Rf5 Kg7 31. Rxh5 Kg6 32. Reh4 Rh8 33. g4 Bf6 34. Rh3 Bg5 35. Rf3 Re8 36. h4 Bc1 37. Rf2 Re4 38. Kg3 h6 39. Rhf5 Re3+ 40. R5f3 Re7 41. Rf8 Re3+ 42. R2f3 Re7 43. Rg8+ Kh7 44. Rff8 Re3+ 45. Kf2 Re5 46. Re8 Rc5 47. Rgf8 Bd2 48. Rf5 Kg6 49. Re6+ Kg7 50. Re7+ 1-0

[Event "Main Vogelsberg op 8th"]
[Site "Hanau"]
[Date "2013.05.30"]
[Round "1"]
[White "Schulte, Marius"]
[Black "Mook, Karl Juergen"]
[Result "1-0"]
[WhiteElo "1942"]
[BlackElo "1312"]
[PlyCount "117"]
[EventDate "2013.05.30"]
[EventType "swiss"]
[EventRounds "7"]
[EventCountry "GER"]
[SourceTitle "EXT 2014"]
[Source "ChessBase"]
[SourceDate "2013.11.20"]
[SourceVersion "1"]
[SourceVersionDate "2013.11.20"]
[SourceQuality "1"]

1. d4 Nf6 2. Nf3 e6 3. c4 d5 4. Nc3 Bb4 5. Qb3 c5 6. dxc5 Bxc5 7. Bg5 Nbd7 8. cxd5 Qb6 9. Qxb6 Nxb6 10. dxe6 Bxe6 11. e3 Bc4 12. Rc1 Bb4 13. Bxf6 gxf6 14. a3 Bxf1 15. Rxf1 Bxc3+ 16. Rxc3 Rc8 17. Rxc8+ Nxc8 18. Ke2 Ke7 19. Rc1 Rd8 20. Nd4 Nd6 21. Rc5 Kf8 22. Rd5 Ke7 23. Rc5 Kf8 24. Rc7 Rc8 25. Rd7 Nc4 26. Rxb7 Ra8 27. Nc6 a5 28. Kd3 Ra6 29. Rb8+ Kg7 30. Kxc4 Rxc6+ 31. Kd3 f5 32. Rb5 Rd6+ 33. Kc2 Rc6+ 34. Kb1 a4 35. Rxf5 Ra6 36. Rf4 h5 37. Kc2 Rc6+ 38. Kd3 Rb6 39. Rb4 Rd6+ 40. Kc3 Rc6+ 41. Rc4 Ra6 42. b3 axb3 43. Kxb3 Rb6+ 44. Ka2 Rd6 45. Rc2 Rd1 46. a4 Rd5 47. Kb3 Rd1 48. a5 Rb1+ 49. Rb2 Ra1 50. Ra2 Rb1+ 51. Kc4 Rc1+ 52. Kd5 Kf6 53. a6 Rd1+ 54. Ke4 Rd8 55. a7 Ra8 56. h4 Re8+ 57. Kf4 Ra8 58. Ra6+ Kg7 59. Kg5 1-0

[Event "GER-chT U20"]
[Site "Osnabrueck"]
[Date "2010.12.27"]
[Round "1.2"]
[White "Mazarov, Juergen"]
[Black "Schulte, Marius"]
[Result "1/2-1/2"]
[WhiteElo "2117"]
[BlackElo "1891"]
[PlyCount "136"]
[EventDate "2010.12.27"]
[EventType "team-swiss"]
[EventRounds "7"]
[EventCountry "GER"]
[SourceTitle "CBM 140 Extra"]
[Source "ChessBase"]
[SourceDate "2011.03.01"]
[SourceVersion "1"]
[SourceVersionDate "2011.03.01"]
[SourceQuality "1"]
[WhiteTeam "Bochum"]
[BlackTeam "Gruendau"]
[WhiteTeamCountry "GER"]
[BlackTeamCountry "GER"]

1. e4 d5 2. exd5 Qxd5 3. Nc3 Qd6 4. d4 Nf6 5. g3 c6 6. Bg2 Bf5 7. Nf3 e6 8. 0-0 Qc7 9. Ne5 Nbd7 10. Nc4 Nd5 11. Nxd5 cxd5 12. Ne3 Bg6 13. f4 f5 14. Qd3 Nf6 15. b3 Ne4 16. c4 Rd8 17. Bb2 Qd7 18. Rac1 Be7 19. Rc2 0-0 20. cxd5 exd5 21. Rfc1 Qd6 22. Rc7 Rd7 23. Rxd7 Qxd7 24. Qc2 Bd8 25. Qc8 Qb5 26. Bf1 Qa5 27. Rc2 Nf6 28. Qxb7 Qxa2 29. Bc3 Qb1 30. Rb2 Qc1 31. Nxd5 Ne4 32. Qc6 Bf7 33. Re2 Kh8 34. Re1 Qc2 35. Ne3 Qxc3 36. Qxc3 Nxc3 37. Nxf5 Bxb3 38. Re3 Ba5 39. Ne7 Nd5 40. Rxb3 Nxe7 41. Rb7 Nc6 42. Bg2 Nxd4 43. Rxa7 Bd8 44. Rd7 Bf6 45. Kf2 Re8 46. Bf1 g6 47. h4 Re7 48. Rd5 Nf5 49. Rd3 Bd4+ 50. Kf3 Re3+ 51. Rxe3 Nxe3 52. Bd3 Kg7 53. g4 h6 54. Bxg6 Kxg6 55. h5+ Kf6 56. g5+ hxg5 57. fxg5+ Kxg5 58. Ke4 Bb6 59. Ke5 Kxh5 60. Kf4 Kg6 61. Ke5 Kg5 62. Ke4 Kf6 63. Kf4 Ke6 64. Ke4 Bc5 65. Kf4 Kd5 66. Kf3 Ke5 67. Ke2 Ke4 68. Kf2 Nf5+ 1/2-1/2

[Event "GER-chT U20"]
[Site "Osnabrueck"]
[Date "2010.12.27"]
[Round "2.2"]
[White "Schulte, Marius"]
[Black "Wierum, Colin"]
[Result "1-0"]
[WhiteElo "1891"]
[BlackElo "1967"]
[PlyCount "86"]
[EventDate "2010.12.27"]
[EventType "team-swiss"]
[EventRounds "7"]
[EventCountry "GER"]
[SourceTitle "CBM 140 Extra"]
[Source "ChessBase"]
[SourceDate "2011.03.01"]
[SourceVersion "1"]
[SourceVersionDate "2011.03.01"]
[SourceQuality "1"]
[WhiteTeam "Gruendau"]
[BlackTeam "Hagen"]
[WhiteTeamCountry "GER"]
[BlackTeamCountry "GER"]

1. d4 g6 2. c4 f5 3. g3 Nf6 4. Bg2 Bg7 5. Nh3 0-0 6. 0-0 d6 7. d5 a5 8. Nc3 Nbd7 9. Nf4 Nc5 10. Be3 e5 11. dxe6 Nxe6 12. Bxb7 Rb8 13. Bxc8 Qxc8 14. Rb1 Ng4 15. Bd2 Nc5 16. Ncd5 Qa6 17. h3 Ne5 18. b3 Qa7 19. Be3 Rbe8 20. Nc3 g5 21. Qd5+ Kh8 22. Ne6 Rxe6 23. Qxe6 f4 24. gxf4 gxf4 25. Bxc5 Qxc5 26. Ne4 Qc6 27. Qd5 Qe8 28. Rfd1 f3 29. e3 Qh5 30. Kf1 Bh6 31. Ke1 Qxh3 32. Kd2 Qf5 33. Rh1 Bg7 34. Rbg1 c6 35. Qd4 Ng6 36. Qd3 Ne5 37. Qc2 h6 38. Ng5 Qxc2+ 39. Kxc2 Re8 40. Rh3 Kg8 41. Nxf3 Nxf3 42. Rxf3 Re6 43. Rfg3 Re7 1-0

[Event "Hessen-ch qual-F"]
[Site "Erlensee"]
[Date "2007.04.06"]
[Round "4"]
[White "Schulte, Marius"]
[Black "Salecker, Phil"]
[Result "1/2-1/2"]
[WhiteElo "1040"]
[BlackElo "1143"]
[PlyCount "75"]
[EventDate "2007.04.06"]
[EventType "swiss"]
[EventRounds "5"]
[EventCountry "GER"]
[SourceTitle "CBM 117 Extra"]
[Source "ChessBase"]
[SourceDate "2007.05.09"]
[SourceVersion "1"]
[SourceVersionDate "2007.05.09"]
[SourceQuality "1"]

1. d4 f5 2. c4 Nf6 3. Nc3 b6 4. Nf3 Bb7 5. e3 e6 6. b3 Bb4 7. Bb2 0-0 8. Be2 d6 9. 0-0 Nbd7 10. Qc2 Bxc3 11. Bxc3 Qe8 12. Nd2 Ne4 13. Nxe4 Bxe4 14. Bd3 Bb7 15. d5 Qg6 16. e4 Nc5 17. f3 f4 18. Bd4 Nxd3 19. Qxd3 e5 20. Bc3 Rf6 21. Rac1 Qh5 22. Rf2 Rh6 23. h3 Rf8 24. Rcc2 Rff6 25. a4 Rfg6 26. Kf1 Qh4 27. Qd2 Qg3 28. Qe2 Rxh3 29. Ke1 Rh1+ 30. Kd2 Rg1 31. Kd3 Rh6 32. Be1 Qg5 33. Kc3 Rhh1 34. Rc1 h5 35. Kb2 Rh2 36. Rc2 Rhh1 37. Rc1 Qg3 38. Ka3 1/2-1/2